000 00524pab a2200193 454500
008 180718b2007 xxu||||| |||| 00| 0 eng d
100 _aGordon, Ian
245 _aEducation, location, education: a spatial analysis of English secondary school public examination results
260 _c2007
300 _ap.1203-228
362 _aJun
650 _aExaminations
650 _aSecondary schools
650 _aEducation
700 _aMonastiriotis, Vassilis
773 _aUrban Studies
908 _aN
909 _a75647
999 _c75647
_d75647